Manchester United vs Chelsea 2008 - Statistics

General Stats
  • This quiz has been taken 604 times
  • The average score is 21 of 30
Answer Stats
Hint Answer % Correct
GK Van der Sar
94%
GK Cech
93%
MD Cristiano Ronaldo
93%
DEF Vidic
92%
FW Drogba
91%
DEF Ferdinand
91%
FW Rooney
91%
DEF Terry
91%
MD Lampard
88%
MD Scholes
87%
DEF A.Cole
84%
MD J.Cole
84%
DEF Evra
82%
SB Giggs
80%
MD Carrick
75%
C Sir Alex Ferguson
74%
FW Tevez
74%
DEF Essien
63%
DEF Carvalho
62%
DEF Brown
60%
SB Nani
60%
MD Ballack
55%
SB Anelka
53%
SB Anderson
51%
MD Malouda
50%
MD Hargreaves
45%
SB Kalou
44%
MD Makelele
44%
C Grant
40%
SB Belletti
15%
No matching quizzes found
Score Distribution
Percent of People with Each Score
Percentile by Number Answered
Your Score History
You have not taken this quiz